| 000 | 02759nam0a2200469 4500 | ||
|---|---|---|---|
| 001 | RU\NLR\bibl\604457 | ||
| 005 | 20260407055818.0 | ||
| 010 |
_a5-225-04081-0 _9500 |
||
| 021 |
_aRU _b2004-72397 _93569 |
||
| 035 | _a(NLR Aleph) 000596385 | ||
| 090 |
_a1745356 _c1745356 |
||
| 100 | _a20050201d2004 |||y0rusy50 ca | ||
| 101 | 0 |
_arus _deng |
|
| 102 | _aRU | ||
| 105 | _aa ||||||||| | ||
| 200 | 1 |
_aПриродные очаги чумы Кавказа, Прикаспия, Средней Азии и Сибири _f[Г.Г. Онищенко, Ю.М. Федоров, В.В. Кутырев и др.] _gПод ред. акад. РАМН Г.Г. Онищенко, проф. В.В. Кутырева _gФедер. служба по надзору в сфере защиты прав потребителей и благополучия человека и др. |
|
| 210 |
_aМ. _cМедицина _d2004 |
||
| 215 |
_a191 с. _cил., цв. ил. _d25 |
||
| 300 | _aАвт. указаны на обороте тит. л. | ||
| 300 | _aВ надзаг. также: Науч. Совет по сан.-эпидемиол. охране территории Рос. Федерации, Федер. гос. учреждение Рос. науч.-исслед. противочум. ин-т "Микроб" | ||
| 300 | _aРез. на англ. яз. | ||
| 320 | _aБиблиогр.: с. 185-189 | ||
| 606 | 0 |
_aЧума _xПриродная очаговость _yСредняя Азия _92006789 _3RU\NLR\auth\661207656 |
|
| 606 | 0 |
_aЧума _xПриродная очаговость _yСибирь _92361536 _3RU\NLR\auth\661410159 |
|
| 606 | 0 |
_aЧума _xПриродная очаговость _yПрикаспий _91190775 _3RU\NLR\auth\66162610 |
|
| 606 | 0 |
_aЧума _xПриродная очаговость _yКавказ _92003173 _3RU\NLR\auth\661205713 |
|
| 686 | _aР194.78-053 | ||
| 686 | _aР192.9(24) | ||
| 686 | _aР192.9(2Р355.7) | ||
| 686 | _aР192.9(257) | ||
| 686 | _aР192.9(2Р5) | ||
| 701 | 1 |
_4070 _8rus _7ca _aОнищенко _bГ. Г. _f1950- _gГеннадий Григорьевич _3RU\NLR\auth\7787928 _970856 |
|
| 701 | 1 |
_4070 _8rus _7ca _aКутырев _bВ. В. _gВладимир Викторович _3RU\NLR\auth\7758067 _940999 |
|
| 701 | 1 |
_4070 _8rus _7ca _aФедоров _bЮ. М. _cд-р мед. наук _gЮрий Михайлович _3RU\NLR\auth\7755339 _938271 |
|
| 712 | 0 | 2 |
_4570 _a"Микроб", российский научно-исследовательский противочумный институт _cСаратов _3RU\NLR\AUTH\8810026499 _9551197 |
| 801 | 0 |
_aRU _bNLR _c20050201 _grcr |
|
| 801 | 1 |
_aRU _bNLR _c20050201 |
|
| 830 | _aАвт. по эк | ||
| 942 | _cBOOK | ||
| 980 | _aNB | ||